|
|
|
|
| LEADER |
00000nab a2200000 a 4500 |
| 001 |
vtls000770403 |
| 003 |
SK-MaSNL |
| 005 |
20260302160231.0 |
| 008 |
140507c2001 xo 0 slo |
| 015 |
|
|
|a SNBRB2001/10-29426
|
| 035 |
|
|
|a CLN000122190
|
| 040 |
|
|
|a SNKBUCL
|b slo
|c SNKBUCL
|e AACR2
|
| 041 |
0 |
|
|a slo
|
| 044 |
|
|
|a xo
|c SK
|
| 080 |
|
|
|a 82:061.7:06.063:82.085
|2 1997
|
| 080 |
|
|
|a 82.085
|2 1997
|
| 100 |
1 |
|
|a Hochel, Igor,
|d 1953-
|4 aut
|9 101382
|
| 245 |
1 |
0 |
|a Dilongova Trstená
|c Igor Hochel
|
| 611 |
1 |
7 |
|a Dilongova Trstená
|n (10. :
|d 2001 :
|c Trstená, Slovensko)
|2 snkbucl
|9 176385
|
| 650 |
0 |
7 |
|a amatérsky umelecký prednes
|x súťaže
|2 snkbucl
|9 86390
|
| 655 |
|
7 |
|a články z novín a časopisov
|2 snkbucl
|9 267496
|
| 773 |
0 |
|
|t Kultúrny život
|g Roč. 2, č. 26 (2001), s. 2
|x 1335-6976
|
| 850 |
|
|
|a Slovenská národná knižnica v Martine
|
| 852 |
|
|
|a SNK
|b KIS3GCP
|
| 957 |
|
|
|a 503
|
| 958 |
|
|
|a LX
|
| 958 |
|
|
|a SK
|
| 992 |
|
|
|a RBX
|
| 999 |
|
|
|c 1373921
|d 1375851
|